Методы стимулирования сбыта: учебное пособие для вузов

Bibliografiske detaljer
Hovedforfatter: Захарова Ю. А. Юлия Андреевна
Summary:В учебном пособии раскрываются понятие и роль стимулирования сбыта в системе продвижения товаров и услуг на современном конкурентном рынке, методы стимулирования сбыта в зависимости от выбранного объекта, а также способы анализа и оценки эффективности мероприятий по стимулированию сбыта. Для студентов бакалавриата, обучающихся по направлению подготовки «Торговое дело» (в частности, по профилю подготовки «Маркетинг»), в том числе при изучении дисциплин «Маркетинг» и «Коммерческая деятельность». Также учебное пособие полезно студентам специалитета и практическим работникам.
Sprog:russisk
Udgivet: Москва, Дашков и К, 2013
Serier:Учебные издания для бакалавров
Fag:
Format: MixedMaterials Bog
KOHA link:https://koha.lib.tpu.ru/cgi-bin/koha/opac-detail.pl?biblionumber=240269

MARC

LEADER 00000nam0a2200000 4500
001 240269
005 20231101231730.0
010 |a 9785394017841 
035 |a (RuTPU)RU\TPU\book\261521 
090 |a 240269 
100 |a 20130619d2013 m y0rusy50 ca 
101 0 |a rus 
102 |a RU 
105 |a y j 001zy 
200 1 |a Методы стимулирования сбыта  |e учебное пособие для вузов  |f Ю. А. Захарова 
210 |a Москва  |c Дашков и К  |d 2013 
215 |a 119 с. 
225 1 |a Учебные издания для бакалавров 
320 |a Библиогр.: с. 119. 
330 |a В учебном пособии раскрываются понятие и роль стимулирования сбыта в системе продвижения товаров и услуг на современном конкурентном рынке, методы стимулирования сбыта в зависимости от выбранного объекта, а также способы анализа и оценки эффективности мероприятий по стимулированию сбыта. Для студентов бакалавриата, обучающихся по направлению подготовки «Торговое дело» (в частности, по профилю подготовки «Маркетинг»), в том числе при изучении дисциплин «Маркетинг» и «Коммерческая деятельность». Также учебное пособие полезно студентам специалитета и практическим работникам. 
606 1 |a Маркетинг  |2 stltpush  |3 (RuTPU)RU\TPU\subj\41036  |9 60857 
610 1 |a товары 
610 1 |a сбыт 
610 1 |a продажи 
610 1 |a стимулирование 
610 1 |a маркетинговые коммуникации 
610 1 |a методы 
610 1 |a личные продажи 
610 1 |a промоакция 
610 1 |a программы лояльности 
610 1 |a клиенты 
610 1 |a торговый персонал 
610 1 |a учебные пособия 
686 |a У9(2)212.4я73  |v LBC/SL-A  |2 rubbk 
700 1 |a Захарова  |b Ю. А.  |g Юлия Андреевна 
801 1 |a RU  |b 63413507  |c 20130619 
801 2 |a RU  |b 63413507  |c 20130926  |g RCR 
942 |c BK 
959 |a 100/20130619  |d 1  |e 99,00  |f ЧЗГЛ:1